Biodiversidad sustento y culturas / (Registro nro. 17260)
[ vista simple ]
| 000 -CABECERA | |
|---|---|
| Campo de control | 00973nas a2200217 a 4500 |
| 005 - FECHA Y HORA DE LA ULTIMA TRANSACCION | |
| Campo de control | 20170220100717.0 |
| 008 - ELEMENTOS DE LONGITUD FIJA—INFORMACION GENERAL | |
| Campo de control | 090406c19979999ck qr p r 0 0a0spa d |
| 040 ## - FUENTE DE CATALOGACIÓN | |
| Agencia catalogadora original | CO-BoBLA |
| Agencia transcriptora | CO-BoBLA |
| Agencia Modificadora | CO-BoIAVH |
| 041 0# - IDIOMA | |
| Código de idioma para texto/pista de sonido o título separado | Español |
| 044 ## - PAÍS DE PUBLICACIÓN | |
| País de publicación | Colombia |
| 090 ## - CLASIFICACIÓN LOCAL | |
| Colección | SE |
| 245 00 - MENCION DE TITULO | |
| Título | Biodiversidad sustento y culturas / |
| Mención de responsabilidad | Acción Ecológica, Acción por la Biodiversidad, Campaña de la Semilla de Vía Campesina, Grupo ETC, Grupo Semillas y Red de Coordinación en Biodiversidad. |
| 260 ## - PUBLICACION, DISTRIBUCION, ETC. (PIE DE IMPRENTA) | |
| Lugar de publicación, distribución, etc. | Bogotá (Colombia) : |
| Nombre del editor, distribuidor, etc. | Acción Ecológica : |
| -- | Grupo Semillas, |
| Fecha de publicación, distribución, etc. | 1997- |
| 300 ## - DESCRIPCION FISICA | |
| Otros detalles físicos | ilustraciones a color ; |
| Dimensiones | 28 x 22 cm. |
| 650 26 - ASIENTO SECUNDARIO DE MATERIA - TERMINO TEMATICO | |
| Término temático o nombre geográfico como elemento de entrada | Biodiversidad |
| Subdivisión geográfica | Colombia |
| Subdivisión de forma | Publicaciones periódicas |
| 9 (RLIN) | 79793 |
| 650 26 - ASIENTO SECUNDARIO DE MATERIA - TERMINO TEMATICO | |
| Término temático o nombre geográfico como elemento de entrada | Ecosistemas |
| Subdivisión geográfica | Colombia |
| Subdivisión de forma | Publicaciones periódicas |
| 9 (RLIN) | 79794 |
| 650 26 - ASIENTO SECUNDARIO DE MATERIA - TERMINO TEMATICO | |
| Término temático o nombre geográfico como elemento de entrada | Conservación de los recursos |
| Subdivisión geográfica | Colombia |
| Subdivisión de forma | Publicaciones periódicas |
| 9 (RLIN) | 79795 |
| 651 #6 - ASIENTO SECUNDARIO DE MATERIA - NOMBRE GEOGRAFICO | |
| Nombre geográfico | Colombia |
| Subdivisión de forma | Publicaciones periódicas |
| 9 (RLIN) | 79796 |
| 700 1# - ASIENTO SECUNDARIO - NOMBRE PERSONAL | |
| Nombre personal | Vera Herrera, Ramón |
| Término de relación | editor |
| 942 ## - ELEMENTOS ADICIONALES (KOHA) | |
| Sistema de clasificación | Local |
| Tipo de ítem | Periodica o revista |
| Serial record | 1 |
| Withdrawn status | Lost status | Sistema de Clasificación | Damaged status | No para préstamo | Colección | Fecha publicación (Año) | Número revista | Ubicación Permanente | Ubicación actual | Fecha de adquisición | Precio | Datos de publicación Seriada | Total Checkouts | Número topográfico | Inventario / Código de Barras | Date last seen | Ejemplar | Price effective from | Forma de adquisición | Tipo de material |
|---|---|---|---|---|---|---|---|---|---|---|---|---|---|---|---|---|---|---|---|---|
| Local | Hemeroteca | 2006 | 48 | Bogotá | Bogotá | 20/02/2017 | 3.00 | Número 48 | SE | 058123 | 20/02/2017 | Ej. 1 | 20/02/2017 | Donación | Periodica o revista | |||||
| Local | Hemeroteca | 2011 | 68 | Bogotá | Bogotá | 20/02/2017 | 3.00 | Número 68 | SE | 058118 | 20/02/2017 | Ej. 1 | 20/02/2017 | Donación | Periodica o revista | |||||
| Local | Hemeroteca | 2011 | 70 | Bogotá | Bogotá | 20/02/2017 | 3.00 | Número 70 | SE | 028658 | 20/02/2017 | Ej. 1 | 20/02/2017 | Donación | Periodica o revista | |||||
| Local | Hemeroteca | 2007 | 54 | Bogotá | Bogotá | 20/02/2017 | 3.00 | Número 54 | SE | 058121 | 20/02/2017 | Ej. 1 | 20/02/2017 | Donación | Periodica o revista | |||||
| Local | Hemeroteca | 2007 | 53 | Bogotá | Bogotá | 20/02/2017 | 3.00 | Número 53 | SE | 059714 | 20/02/2017 | Ej. 1 | 20/02/2017 | Donación | Periodica o revista | |||||
| Local | Hemeroteca | 2008 | 55 | Bogotá | Bogotá | 20/02/2017 | 3.00 | Número 55 | SE | 058119 | 20/02/2017 | Ej. 1 | 20/02/2017 | Donación | Periodica o revista | |||||
| Local | Hemeroteca | 2009 | 61 | Bogotá | Bogotá | 20/02/2017 | 3.00 | Número 61 | SE | 039144 | 20/02/2017 | Ej. 1 | 20/02/2017 | Donación | Periodica o revista | |||||
| Local | Hemeroteca | 2013 | 77 | Bogotá | Bogotá | 20/02/2017 | 3.00 | Número 77 | SE | 041014 | 20/02/2017 | Ej. 1 | 20/02/2017 | Donación | Periodica o revista | |||||
| Local | Hemeroteca | 2009 | 59 | Bogotá | Bogotá | 20/02/2017 | 3.00 | Número 59 | SE | 058378 | 20/02/2017 | Ej. 1 | 20/02/2017 | Donación | Periodica o revista | |||||
| Local | Hemeroteca | 2011 | 69 | Bogotá | Bogotá | 20/02/2017 | 3.00 | Número 69 | SE | 058117 | 20/02/2017 | Ej. 1 | 20/02/2017 | Donación | Periodica o revista | |||||
| Local | Hemeroteca | 2009 | 62 | Bogotá | Bogotá | 20/02/2017 | 3.00 | Número 62 | SE | 058094 | 20/02/2017 | Ej. 1 | 20/02/2017 | Donación | Periodica o revista | |||||
| Local | Hemeroteca | 2009 | 60 | Bogotá | Bogotá | 20/02/2017 | 3.00 | Número 60 | SE | 039145 | 20/02/2017 | Ej. 1 | 20/02/2017 | Donación | Periodica o revista | |||||
| Local | Hemeroteca | 2014 | 79 | Bogotá | Bogotá | 20/02/2017 | 3.00 | Número 79 | SE | 038982 | 20/02/2017 | Ej. 1 | 20/02/2017 | Donación | Periodica o revista | |||||
| Local | Hemeroteca | 2013 | 76 | Bogotá | Bogotá | 20/02/2017 | 3.00 | Número 76 | SE | 059701 | 20/02/2017 | Ej. 1 | 20/02/2017 | Donación | Periodica o revista | |||||
| Local | Hemeroteca | 2015 | 85 | Bogotá | Bogotá | 20/02/2017 | 3.00 | Número 85 | SE | 041017 | 20/02/2017 | Ej. 1 | 20/02/2017 | Donación | Periodica o revista | |||||
| Local | Hemeroteca | 2015 | 85 | Bogotá | Bogotá | 20/02/2017 | 3.00 | Número 86 | SE | 041018 | 20/02/2017 | Ej. 1 | 20/02/2017 | Donación | Periodica o revista | |||||
| Local | Hemeroteca | 2015 | 84 | Bogotá | Bogotá | 20/02/2017 | 3.00 | Número 84 | SE | 041016 | 20/02/2017 | Ej. 1 | 20/02/2017 | Donación | Periodica o revista | |||||
| Local | Hemeroteca | 2015 | 83 | Bogotá | Bogotá | 20/02/2017 | 3.00 | Número 83 | SE | 041015 | 20/02/2017 | Ej. 1 | 20/02/2017 | Donación | Periodica o revista | |||||
| Local | Hemeroteca | 2014 | 80 | Bogotá | Bogotá | 20/02/2017 | 3.00 | Número 80 | SE | 038981 | 20/02/2017 | Ej. 1 | 20/02/2017 | Donación | Periodica o revista | |||||
| Local | Hemeroteca | 2008 | 57 | Bogotá | Bogotá | 27/04/2017 | 3.00 | Número 57 | SE | 027594 | 27/04/2017 | Ej. 1 | 27/04/2017 | Donación | Periodica o revista | |||||
| Local | Hemeroteca | 2008 | 56 | Bogotá | Bogotá | 27/04/2017 | 3.00 | Número 56 | SE | 041203 | 27/04/2017 | Ej. 1 | 27/04/2017 | Donación | Periodica o revista | |||||
| Local | Hemeroteca | 2004 | 40 | Bogotá | Bogotá | 27/04/2017 | 3.00 | Número 40 | SE | 016250 | 27/04/2017 | Ej. 1 | 27/04/2017 | Donación | Periodica o revista | |||||
| Local | Hemeroteca | 2004 | 39 | Bogotá | Bogotá | 27/04/2017 | 3.00 | Número 39 | SE | 016249 | 27/04/2017 | Ej. 1 | 27/04/2017 | Donación | Periodica o revista |